| 000 | 00501nam a22001937a 4500 | ||
|---|---|---|---|
| 003 | LC | ||
| 005 | 20160310144954.0 | ||
| 008 | 130918t xxu||||| |||| 00| 0 eng d | ||
| 020 | _a0671571869 | ||
| 050 |
_aPS 3558 _b.H848 1982 |
||
| 082 |
_aFIC _bH83l 1982 |
||
| 100 |
_aHoward, Alyssa _920767 |
||
| 245 |
_aLove is elected _cAlyssa Howard |
||
| 260 |
_aNew York : _bSilhoutte Books, _cc1982. |
||
| 300 |
_a187 p. : _c18 cm. |
||
| 650 |
_aFiction. _9746 |
||
| 942 |
_2lcc _cBK |
||
| 999 |
_c11627 _d11627 |
||